Tratado práctico de armonía

Salvato in:
Dettagli Bibliografici
Autore principale: Rimsky Korsakov, Nikolay Andreyevich (autor)
Natura: Libro
Lingua:spagnolo
Pubblicazione: Buenos Aires Ricordi 1986
Serie:Manuales Musicales Ricordi
Soggetti:
Tags: Aggiungi Tag
Nessun Tag, puoi essere il primo ad aggiungerne!!

MARC

LEADER 00000nam a2200000 a 4500
001 UCW2369
003 CL-VaPUC
005 20250317110404.0
008 890821e19860000AG |||||||||||||||||spa|d
999 |c 216925  |d 216923 
040 |c Pontificia Universidad Católica de Valparaíso 
082 0 4 |a 781.25 RIM 1986  |2 21 
100 |a Rimsky Korsakov, Nikolay Andreyevich  |e autor  |9 306424 
245 1 0 |a Tratado práctico de armonía 
260 |a Buenos Aires  |b Ricordi  |c 1986 
300 |a 158 p 
490 0 |a Manuales Musicales Ricordi 
583 |a last modification  |c 19890821 00:00:00  |k Rodrigo Vera 
650 0 |a Armonía  |9 306328 
650 0 |a Música estudio e instrucción   |9 306355 
942 |c BK  |2 ddc 
945 |d 19890821 00:00:00 
952 |0 0  |1 0  |2 ddc  |4 0  |6 781_250000000000000_RIM_1986  |7 0  |8 A  |9 203344  |a BIBEDU  |b BIBEDU  |d 2019-11-15  |i 2705893  |l 5  |o 781.25 RIM 1986  |p 2705893  |r 2023-04-13  |s 2023-04-12  |w 2019-11-15  |y BK  |k MUS